| 000 | 00580nam a2200229Ia 4500 | ||
|---|---|---|---|
| 005 | 20250425162235.0 | ||
| 008 | 250425s9999 xx 000 0 und d | ||
| 020 | _a8431403462 | ||
| 041 | _aspa | ||
| 082 | _a621.82 | ||
| 100 | _aDECKER, K. H. | ||
| 245 | 0 | _aMANUAL DEL INGENIERO: PROBLEMAS DE ELEMENTOS DE MAQUINAS | |
| 250 | _a1A ED. | ||
| 260 |
_aEspaña _bURMO _c1982 |
||
| 260 | _aMADRID | ||
| 300 | _a433 | ||
| 650 | _aDISEÑO DE MAQUINAS | ||
| 650 | _aELEMENTOS DE MAQUINAS | ||
| 700 |
_aENRIQUE DE MIGUEL UÑON _etraductor |
||
| 942 | _c01 | ||
| 010 | _a58487 | ||
| 999 |
_c225234 _d225234 |
||